[Event "Omegna op 1st"]
[Site "Omegna"]
[Date "2013.07.06"]
[Round "5"]
[White "Lo Curto, Andrea"]
[Black "Crolla, Roberto"]
[Result "1-0"]
[WhiteElo "1586"]
[BlackElo "1451"]
[PlyCount "35"]
[EventDate "2013.07.04"]
[EventType "swiss"]
[EventRounds "6"]
[EventCountry "ITA"]
[SourceTitle "EXT 2014"]
[Source "ChessBase"]
[SourceDate "2013.11.20"]
[SourceVersion "1"]
[SourceVersionDate "2013.11.20"]
[SourceQuality "1"]

1. e4 d6 2. d4 Nf6 3. Nc3 g6 4. Nf3 Bg7 5. Bc4 0-0 6. 0-0 Bg4 7. Qd3 Bxf3 8. Qxf3 c5 9. dxc5 dxc5 10. e5 Ne8 11. Qxb7 Nd7 12. Rd1 Qb8 13. Rxd7 Qxb7 14. Rxb7 e6 15. Bf4 Bh8 16. Ne4 Rc8 17. Rxa7 Ng7 18. Nf6# 1-0

[Event "Lesa op 1st"]
[Site "Lesa"]
[Date "2012.10.12"]
[Round "1"]
[White "Schneider, Antonio"]
[Black "Crolla, Roberto"]
[Result "1-0"]
[WhiteElo "1906"]
[BlackElo "1448"]
[PlyCount "97"]
[EventDate "2012.10.12"]
[EventType "swiss"]
[EventRounds "5"]
[EventCountry "ITA"]
[SourceTitle "EXT 2015"]
[Source "ChessBase"]
[SourceDate "2014.11.20"]
[SourceVersion "1"]
[SourceVersionDate "2014.11.20"]
[SourceQuality "1"]

1. e4 d6 2. Nf3 Nf6 3. Nc3 g6 4. Bc4 Nxe4 5. Bxf7+ Kxf7 6. Nxe4 Bg7 7. Neg5+ Ke8 8. d4 h6 9. Ne4 Bf5 10. Ng3 Bg4 11. h3 Bxf3 12. Qxf3 c6 13. Qd3 g5 14. Qg6+ Kf8 15. Nf5 Bf6 16. Nxh6 Qe8 17. Qxe8+ Kxe8 18. Nf5 Kd7 19. Be3 Na6 20. 0-0-0 Nc7 21. Ng3 Nd5 22. Ne4 Raf8 23. Rhf1 Rhg8 24. g3 Rf7 25. c4 Nb6 26. b3 Rh7 27. Rh1 a5 28. Nxf6+ exf6 29. d5 c5 30. Bd2 a4 31. Ba5 Kc7 32. Rde1 Ra8 33. Bxb6+ Kxb6 34. Kb2 Kc7 35. Re6 Rf7 36. h4 a3+ 37. Kc3 Rh8 38. b4 b6 39. Kb3 f5 40. h5 Rfh7 41. h6 Rf8 42. Rh5 g4 43. Rg5 Rff7 44. Rgg6 f4 45. Rxd6 fxg3 46. Rc6+ Kd7 47. fxg3 Rf3+ 48. Ka4 Rxg3 49. Rg7+ 1-0